• 首页
  • 本馆介绍
  • 公告通知
  • 最新文献
  • 馆藏检索
  • 电子资源
  • 读者导购
  • 参考咨询
  • 我的图书馆
  • 登录
  • 详细信息显示
  • 放入我的书架
  • 预约/预借图书
  • 作者相关作品
  • 分类相关作品
  • 丛书相关作品
  • 出版社相关作品

书目信息

  • 表格格式
  • 工作单格式
  • 卡片格式
题名:
紫油机主要零件检验工具
    
 
作者: ;第一机械工业部 编
分册:  
出版信息: 北京   机械工业出版社  1975
页数: 163页
开本: 19cm
丛书名:
单 册:
中图分类: TK42
科图分类:
主题词: 柴油机--chai you ji
电子资源:
ISBN: 15033.4298
000 00829nam0 2200253 450
001 CAL 012012054468
005 20120221201559.7
010    @a15033.4298@dCNY0.45
091    @a15033.4298@dCNY0.54
099    @aCAL 012012054468
100    @a20020711d1975 ekmy0chiy0120 ea
101 0  @achi
102    @aCN@b110000
105    @aa z 000yy
106    @ar
200 1  @a紫油机主要零件检验工具@9Zi You Ji Zhu Yao Ling Jian Jian Yan Gong Ju @f第一机械工业部农业机械局技术处编@Azi you ji zhu yao ling jian jian yan gong ju
210    @a北京@c机械工业出版社@d1975
215    @a163页@c图@d19cm
606    @a柴油机@Achai you ji
690    @aTK42
711 02 @a第一机械工业部@Adi yi ji xie gong ye bu@b农业机械局技术处@4编
801  0 @aCN@bBNU@c20020711
905    @aBZT@dTK42@e4@f2@sTK42/4
920    @a211260@9BNU03000244693@z2
    
    紫油机主要零件检验工具/第一机械工业部农业机械局技术处编.-北京:机械工业出版社,1975
    163页:图;19cm
    
    
    ISBN 15033.4298:CNY0.45
    
●
相关链接 在五车中查询图书 在当当中查询图书 在豆瓣中查询图书


正题名:紫油机主要零件检验工具     索取号:TK42/4         预约/预借

序号 登录号 条形码 馆藏地/架位号 状态 备注
1 2000071982   2000071982   旧书回溯/ [索取号:TK42/4] 在馆    
2 2000088629   2000088629   旧书回溯/ [索取号:TK42/4] 在馆    
山东省滨州职业学院图书馆 欢迎您!
大连网信软件有限公司© 版权所有